000
00224 a2200097 4500
001
20513
100
_a
Zelinsky, K
245
_a
Soviet Liiterature Prob & People
260
_a
_b
Progress Publishers
_c
090
_c
14910
_d
14910
942
_a
NUST-CAE
_c
M
_c
5459
999
_c
255586
_d
255586